000 00954nam a2200277 a 4500
001 51550
003 BD-RjUL
005 20211209075658.0
008 160831s1973 nyua b 001 0 eng
020 _a0120576503
035 _a(BD-RjUL)51670
040 _aBD-RjUL
_cDLC
_dRCD
_beng
041 _aeng
082 _223
_a519.53
_bANC 1973
100 1 _aAnderberg, Michael R.
_q(Michael Rex),
_d1941-
_9154087
245 1 0 _aCluster analysis for applications /
_c[by] Michael R. Anderberg.
260 _aNew York :
_bAcademic Press,
_c1973.
300 _axiii, 359 p. :
_bill. ;
_c24 cm.
490 1 _aProbability and mathematical statistics, 19
500 _aErrata slip inserted.
500 _aOriginally presented as the author's thesis, University of Texas at Austin, 1971.
504 _aBibliography: p. 347-353.
650 0 _aCluster analysis.
_9154088
830 0 _aProbability and mathematical statistics ;
_vv. 19.
_9118126
942 _2ddc
_cBK
999 _c51550
_d51550